00782nam a2200217Ii 45000010005000000030009000050080041000140400033000550410008000880840013000961000048001092450018001572640075001753000012002503360026002623370028002883380027003169400050003439990017003939520154004106509CO-ViMGA241108s9999||||xx |||||||||||||| ||und|| aCO-ViMGAbspaerdacCO-ViMGA0 aunk aN RIV1vo1 aRivera, José Eustasio, d1889-192894017210aLa vorágine 1a[Lugar de publicación no identificado] : Círculo de Lectores, 1984 avolumen atextbtxt2rdacontent aunmediatedbn2rdamedia avolumebnc2rdacarrier aidficha_siabuc: 6360. -- ficha_no_siabuc:6509 c54986d54986 001040708012aMEVIGERRbMEVIGERRcLITd2006-11-27hVol.1l1oN RIV1vopECA5947r2025-02-25 12:51:29s2025-02-06tEj.1w2024-11-26yBKz6360 | 8904